[Event "Oberliga Nord N9798"]
[Site "Germany"]
[Date "1998.??.??"]
[Round "?"]
[White "Lappoehn, Hardy"]
[Black "Zimmermann, Martin"]
[Result "1/2-1/2"]
[WhiteElo "2055"]
[BlackElo "2260"]

1.Nf3 d5 2.g3 Nf6 3.Bg2 e6 4.O-O Be7 5.d4 O-O 6.Nbd2 c6 7.c4 Nbd7 8.Qc2 Re8
9.b3 Bd6 10.Bb2 Qc7 11.e4 dxe4 12.Nxe4 Be7 13.Rfe1 h6 14.Rad1 a5 15.a3  1/2-1/2

[Event "Bundesliga 9798"]
[Site "Germany"]
[Date "1998.??.??"]
[Round "?.5"]
[White "Troyke, Christian"]
[Black "Meins, Gerlef"]
[Result "1/2-1/2"]
[WhiteElo "2400"]
[BlackElo "2460"]

1.g3 d5 2.Nf3 Nf6 3.Bg2 e6 4.O-O Be7 5.d4 O-O 6.c4 c6 7.Qc2 Nbd7 8.b3 b6
9.Rd1 Ba6 10.Nbd2 Rc8 11.e4 c5 12.exd5 exd5 13.Qf5 g6  1/2-1/2

[Event "BL2-W9798"]
[Site "Germany"]
[Date "1998.??.??"]
[Round "?.3"]
[White "Hausrath, Daniel"]
[Black "Winants, Luc"]
[Result "1/2-1/2"]
[WhiteElo "2415"]
[BlackElo "2515"]

1.Nf3 d5 2.g3 c6 3.c4 dxc4 4.Bg2 Nd7 5.Qc2 Nb6 6.a4 a5 7.Na3 Qd5 8.Nh4 Qe6
9.d3 cxd3 10.Qxd3 Nf6 11.O-O g6 12.e4 Bg7 13.Be3 Nfd7 14.Qc2 Qf6 15.Rab1 O-O
16.Rfc1 Qd6 17.Bd2 Ne5 18.Be3 Ned7 19.Bd2 Nxa4 20.Nc4 Qe6 21.Qxa4 b5 22.Qc2 bxc4
23.Qxc4 Ne5 24.Qa4 Ba6 25.Bc3 Bb5 26.Qa3 Nd3 27.Rd1 Rfd8 28.Bxg7 Kxg7 29.Nf3 Qf6
30.Rd2 e5 31.Rbd1 Nb4 32.Qc3 Rxd2 33.Rxd2 Re8 34.h4 h6 35.Bh3 Na6 36.Kg2 a4
37.Qe3 Re7 38.Nh2 h5 39.Nf3 c5 40.Ng5 Qb6 41.g4 f6 42.Nf3 Bd7 43.gxh5 Bxh3+
44.Kxh3 gxh5 45.Kh2 Kh7 46.Ng1 Qe6 47.f3 Rg7 48.Ne2 Qb3 49.Nc3 Qf7 50.Rg2 Rxg2+
51.Kxg2 Qb3 52.Qd2 Kg6 53.Kg3 Nc7 54.Qd7 Qxb2 55.Nxa4 Qa1 56.Qxc7 Qxa4 57.Qxc5 Qd1
58.Qc8 Qe1+ 59.Kh3  1/2-1/2

[Event "BL2-W9798"]
[Site "Germany"]
[Date "1998.??.??"]
[Round "?.3"]
[White "Hausrath, Daniel"]
[Black "Baumhus, Reinhard"]
[Result "1/2-1/2"]
[WhiteElo "2415"]
[BlackElo "2330"]

1.Nf3 d5 2.g3 Nc6 3.d4 Bf5 4.Bg2 Nb4 5.Na3 e6 6.Bf4 Bd6 7.Bxd6 Qxd6 8.c4 Ne7
9.Nh4 Be4 10.Qa4+ Nbc6 11.Nb5 Qd7 12.Bxe4 dxe4 13.Rd1 O-O 14.Nc3 f5 15.d5 exd5
16.cxd5 Ne5 17.Qxd7 Nxd7 18.Nb5 Rac8 19.Nxc7 Ne5 20.d6 N7c6 21.Ne6 Rf7 22.O-O g6
23.Ng2 Nd8 24.Ngf4 Nxe6 25.Nxe6 Rd7 26.Rd5 Nf7 27.Rfd1 Rc6 28.Nc5  1/2-1/2

[Event "Bundesliga 9798"]
[Site "Germany"]
[Date "1998.??.??"]
[Round "?.8"]
[White "Schmitz, Joachim"]
[Black "Forchert, Martin"]
[Result "1/2-1/2"]
[WhiteElo "2310"]
[BlackElo "2340"]

1.Nf3 d5 2.g3 Nf6 3.Bg2 c6 4.b3 Bg4 5.Bb2 Nbd7 6.O-O e6 7.d3 Bd6 8.Nbd2 O-O
9.Qe1 Ne8 10.e4 Nc7 11.h3 Bh5 12.Nh2 e5 13.f4 f6 14.Kh1 Re8 15.f5 Bf7 16.Nhf3 Qe7
17.a3 a5 18.h4 a4 19.b4 c5 20.c3 Nb6 21.g4 Rad8 22.g5 Kh8 23.Qg3 c4 24.dxc4 dxe4
25.Nxe4 Nxc4 26.Bc1 Nd5 27.h5 Nxc3 28.gxf6 gxf6 29.Nxc3 e4 30.Bf4 exf3 31.Qxf3 Bxf4
32.Qxf4 Rg8 33.Rae1 Ne5 34.h6 Qc7 35.Nb5 Qb8 36.Rd1 Rg4 37.Rxd8+ Qxd8 38.Qc1 Rh4+
39.Kg1 Qb6+ 40.Qc5 Qxc5+ 41.bxc5 Rxh6 42.Nd6 Bb3 43.Nxb7 Rh4 44.Na5 Rg4 45.Kh2 Rg8
46.c6 Ng4+ 47.Kh3 Ne3 48.Rf2 Bc2 49.Bd5 Bxf5+  1/2-1/2

[Event "Bundesliga 9798"]
[Site "Germany"]
[Date "1998.??.??"]
[Round "?.6"]
[White "Troyke, Christian"]
[Black "Klebel, Martin"]
[Result "1-0"]
[WhiteElo "2400"]
[BlackElo "2410"]

1.g3 d5 2.Nf3 c6 3.Bg2 Bg4 4.c4 e6 5.cxd5 exd5 6.O-O Nd7 7.d3 Ngf6 8.Nc3 Be7
9.h3 Bh5 10.e4 Bxf3 11.Qxf3 d4 12.Nb1 O-O 13.Nd2 Qa5 14.Qe2 Qa6 15.Nb3 Ne5
16.Rd1 c5 17.f4 Nc6 18.e5 Nd7 19.Be4 f5 20.Bd5+ Kh8 21.Bd2 Rad8 22.Qf3 Nb6
23.Bxc6 bxc6 24.Na5 Nd5 25.Nc4 Rb8 26.Re1 Qc8 27.b3 Qe6 28.Re2 Rf7 29.Rf1 Rg8
30.Rg2 Nb6 31.Na5 Nd5 32.Rc1 Rb8 33.Kh2 Bf8 34.Re2 Re8 35.b4 Rb8 36.bxc5 Rb2
37.Nb3 Rxb3 38.axb3 Rb7 39.b4 Rb5 40.Ra1 Nxb4 41.Bxb4 Rxb4 42.Rxa7 Rb5 43.Qh5 Kg8
44.Ra8 Rb3 45.Rea2 Rb8 46.Qe2  1-0

[Event "Bundesliga 9798"]
[Site "Germany"]
[Date "1998.??.??"]
[Round "?.6"]
[White "Maiwald, Jens Uwe"]
[Black "Klebel, Martin"]
[Result "1/2-1/2"]
[WhiteElo "2450"]
[BlackElo "2410"]

1.Nf3 d5 2.g3 g6 3.Bg2 Bg7 4.O-O c5 5.d3 Nc6 6.c3 e6 7.Bg5 Nge7 8.Qc1 h6
9.Bd2 b6 10.Na3 Bb7 11.Re1 Qd7 12.Rb1 Rc8 13.e4 Ba6 14.Bf1 dxe4 15.dxe4 Bxf1
16.Kxf1 Qd3+ 17.Kg2 g5 18.Re3 Qd7 19.Qc2 Rd8 20.Rd1 g4 21.Ne1 Ne5 22.f4 gxf3+
23.Nxf3 N7g6 24.c4 O-O 25.Nb1 Nxf3 26.Rxf3 Qd4 27.b3 Ne5 28.Re3 f5 29.Rf1 Ng4
30.Re2 Qd7 31.h3 Ne5 32.Bc3 Nc6 33.Nd2 Qd3 34.Qxd3 Rxd3 35.Bxg7 Kxg7 36.Nf3 f4
37.gxf4 Rxf4 38.Nh2 Rxf1 39.Nxf1 Kf6 40.Nh2 h5 41.Nf3 Nd4 42.Rf2 Kg7 43.Ne5 Re3
44.Rf7+ Kh6 45.Rxa7 Rxe4 46.Nf7+ Kg6 47.Nd6 Re2+ 48.Kf1 Rh2 49.Nc8 Kf5 50.Nxb6 Ke4
51.Rf7 Rxa2 52.Nd7 Nf3 53.Re7 e5 54.Nf6+ Ke3 55.Nd5+ Kd3 56.Rd7 Nd4 57.b4 Ra1+
58.Kg2 cxb4 59.Nxb4+ Ke2 60.Nd5 Rc1 61.Re7 Nc6 62.Rb7 Nd4 63.Re7 Nc6 64.Rh7 Rxc4
65.Rxh5 Rd4 66.Ne7 Nxe7 67.Rxe5+ Kd3 68.Rxe7 Re4 69.Ra7 Re8 70.Ra4 Re4 71.Ra3+ Kd4
72.Kg3 Ke5 73.Rf3 Ke6 74.h4 Ke7 75.h5 Re6 76.Kg4 Rf6 77.Ra3 Kf7 78.Kg5 Rb6  1/2-1/2

[Event "Bundesliga 9798"]
[Site "Germany"]
[Date "1998.??.??"]
[Round "?.2"]
[White "Roos, Daniel"]
[Black "Sadler, Matthew"]
[Result "0-1"]
[WhiteElo "2420"]
[BlackElo "2665"]

1.Nf3 d5 2.g3 Nc6 3.d4 Bf5 4.Bg2 e6 5.O-O Nf6 6.a3 Be7 7.c4 O-O 8.cxd5 exd5
9.Nc3 Ne4 10.Nd2 Nxc3 11.bxc3 Na5 12.a4 Re8 13.Re1 Rc8 14.Nb3 Nc4 15.Nd2 Na5
16.Nb3 c6 17.Nxa5 Qxa5 18.Qb3 Bf6 19.Ba3 Qc7 20.a5 Qxa5 21.Bc5 Rxe2 22.Qxb7 Rxe1+
23.Rxe1 h5 24.Rc1 Rc7 25.Qb8+ Kh7 26.Qb2 h4 27.Bf1 Rd7 28.Ra1 Rb7 29.Qxb7 Qxa1
30.Qxf7 Qd1 31.f3 Qxf3 32.Bd6 Qe3+ 33.Kg2 h3+  0-1

[Event "Bundesliga 9798"]
[Site "Germany"]
[Date "1998.??.??"]
[Round "?.3"]
[White "Smejkal, Jan"]
[Black "Kuczynski, Robert"]
[Result "1/2-1/2"]
[WhiteElo "2525"]
[BlackElo "2495"]

1.Nf3 d5 2.g3 c6 3.Bg2 Bg4 4.O-O Nd7 5.d4 Ngf6 6.Nbd2 e6 7.Re1 Be7 8.e4 O-O
9.c3 Bh5 10.e5 Ne8 11.Nf1 Nc7 12.h3 c5 13.g4 Bg6 14.Ng3 h6 15.Be3  1/2-1/2

[Event "Bundesliga 9798"]
[Site "Germany"]
[Date "1998.??.??"]
[Round "?.4"]
[White "Appel, Ralf"]
[Black "Kuczynski, Robert"]
[Result "1/2-1/2"]
[WhiteElo "2495"]
[BlackElo "2495"]

1.Nf3 d5 2.g3 c6 3.Bg2 Bg4 4.O-O Nd7 5.d3 Ngf6 6.Nbd2 e5 7.e4 dxe4 8.dxe4 Be7
9.h3 Bh5 10.Qe1 O-O 11.Nc4 Qc7 12.Nh4 Rfe8 13.Nf5 Bf8 14.Bg5 h6 15.Bd2 Bg6
16.Nce3 Nc5 17.Ng4 Nfd7 18.Rd1 h5 19.Nge3 f6 20.Qe2 Bf7 21.Nc4 Nb6 22.Nxb6 axb6
23.a3 b5 24.Qe3 Ne6 25.Bb4 c5 26.Bd2 b4 27.axb4 cxb4 28.c3 bxc3 29.bxc3 Nc5
30.Qf3 Nb3 31.Be3 Qxc3 32.Rd7 Nd4 33.Bxd4 Qxf3 34.Bxf3 exd4 35.Rb1 Red8 36.Rbxb7 Rxd7
37.Rxd7 Ra3 38.Nxd4 g6 39.Kg2 Bc5 40.Ne2 Ra2 41.Rc7 Bd6 42.Rc8+ Kg7 43.Rd8 Bc5
44.Rd7 Kg8 45.Rc7  1/2-1/2

[Event "Bundesliga 9798"]
[Site "Germany"]
[Date "1998.??.??"]
[Round "?.4"]
[White "Baumegger, Siegfried"]
[Black "Ellers, Holger"]
[Result "1-0"]
[WhiteElo "2485"]
[BlackElo "2405"]

1.Nf3 d5 2.g3 c6 3.Bg2 Bg4 4.O-O Nd7 5.d4 Ngf6 6.Nbd2 e6 7.b3 Be7 8.Bb2 O-O
9.c4 Qb6 10.a3 Rfd8 11.c5 Qc7 12.b4 b6 13.h3 Bh5 14.cxb6 Qxb6 15.Bc3 a5 16.bxa5 Qa6
17.Bb4 c5 18.dxc5 Bxc5 19.Rc1 Bxb4 20.axb4 Rdb8 21.Rb1 Bg6 22.Rb2 Qd6 23.Qa4 Qc7
24.Ra1 Nb6 25.Qb3 Nc4 26.Qc3 Be4 27.Nxc4 dxc4 28.Nd2 Bxg2 29.Kxg2 Rc8 30.e4 Qb7
31.b5 Nxe4 32.Nxe4 Qxe4+ 33.Kh2 Rd8 34.b6 Rd3 35.Qb4 Qd4 36.b7 Rb8 37.Qb6 Qxb6
38.Rxb6  1-0

[Event "Bundesliga 9798"]
[Site "Germany"]
[Date "1998.??.??"]
[Round "?.4"]
[White "Lorenz, Gerd"]
[Black "Boensch, Uwe"]
[Result "1/2-1/2"]
[WhiteElo "2305"]
[BlackElo "2540"]

1.Nf3 d5 2.g3 Bg4 3.Bg2 Nd7 4.c4 dxc4 5.Na3 c6 6.Nxc4 Ngf6 7.Qb3 Nc5 8.Qc2 e6
9.d3 Be7 10.b4 Ncd7 11.Rb1 O-O 12.O-O a6 13.Bd2 Rc8 14.Rfc1 Nd5 15.e4 Bxf3
16.Bxf3 b5 17.Ne3 Nxe3 18.Bxe3 c5 19.bxc5 Nxc5 20.d4 Na4 21.Qb3 Qa5 22.Kg2 Nb6
23.Be2 Qa3 24.d5 Rxc1 25.Rxc1 exd5 26.Qxa3 Bxa3 27.Rc6 Nc4 28.Rxa6 Nxe3+
29.fxe3 Bc5 30.exd5 b4 31.e4 Rd8 32.Rc6 Bd6 33.Rb6 Kf8 34.Bc4 Ke7 35.e5 Bxe5
36.Rxb4 Rb8 37.Rxb8 Bxb8 38.a4 Bc7 39.Kf3 f5 40.Bd3 Kf6 41.Bb5 g5 42.h3 Ke5
43.Bd7 h5 44.Be8 g4+ 45.Kg2 gxh3+ 46.Kxh3 Kxd5 47.Bxh5  1/2-1/2

[Event "Bundesliga 9798"]
[Site "Germany"]
[Date "1998.??.??"]
[Round "?.5"]
[White "Appel, Ralf"]
[Black "Michaelsen, Nils"]
[Result "1/2-1/2"]
[WhiteElo "2495"]
[BlackElo "2430"]

1.Nf3 d5 2.g3 c5 3.Bg2 Nc6 4.d4 e6 5.O-O Nf6 6.c4 Be7 7.cxd5 exd5 8.Nc3 O-O
9.Be3 c4 10.Ne5 h6 11.h3 Be6 12.Nxc4 dxc4 13.d5 Bd7 14.dxc6 Bxc6 15.Bxc6 bxc6
16.Qxd8 Rfxd8 17.Rfd1 Rdb8 18.Rd2 Bb4 19.Rc1 Bxc3 20.bxc3 Nd5 21.Bd4 Rb5
22.Rcc2 Nb6 23.Kg2 Rd8 24.e4 c5 25.Be3 Rd3 26.Rb2 Ra5 27.Rdc2 f6 28.h4 h5
29.Bf4 Ra3 30.Rb5 Rdxc3 31.Rxc3 Rxc3 32.Rxc5 Ra3 33.Rxh5 Rxa2 34.Rc5 Ra4
35.f3 Nd7 36.Rc7 Ne5 37.Bxe5 fxe5 38.Kh3 a5 39.Rc5 Ra3 40.Rxc4 Rxf3 41.Ra4 Re3
42.Kg2 Kf7 43.Kf2 Rb3 44.Rxa5 Kf6 45.Ra6+ Kf7 46.h5 Rc3 47.Rg6 Ra3 48.Rg5 Kf6
49.Rf5+ Ke6 50.Kg2 Re3 51.Rg5 Kf6 52.Rg4 Kf7 53.Kh3 Kf6 54.Kh4 Re1 55.Rg6+ Kf7
56.Kg5 Rxe4 57.Ra6 Rb4 58.Ra7+ Kf8 59.Ra5 e4 60.Re5 Kf7 61.Kf5 Rb3 62.Rxe4  1/2-1/2

[Event "BL2-O9798"]
[Site "Germany"]
[Date "1998.??.??"]
[Round "4.2"]
[White "Roth, Norbert"]
[Black "Bus, Mariusz"]
[Result "1-0"]
[WhiteElo "2290"]
[BlackElo "2390"]

1.Nf3 d5 2.g3 c6 3.Bg2 Bg4 4.O-O Nd7 5.d3 Ngf6 6.Nbd2 e6 7.e4 Ne5 8.Qe2 Be7
9.b3 Nfd7 10.Bb2 Bf6 11.d4 Nxf3+ 12.Nxf3 dxe4 13.Qxe4 Bf5 14.Qe2 O-O 15.Rfd1 Qc7
16.c4 Rfe8 17.Rac1 Rad8 18.a3 c5 19.b4 b6 20.dxc5 bxc5 21.Bxf6 gxf6 22.Nh4 Bg6
23.b5 Nb6 24.Bc6 Rxd1+ 25.Rxd1 Rd8 26.Rxd8+ Qxd8 27.Qe3 Qd1+ 28.Kg2 Bd3 29.h3 Bf1+
30.Kh2 Qd4 31.Qxd4 cxd4 32.c5 Nc4 33.Nf3 d3 34.Nd2 Nxd2 35.b6 axb6 36.cxb6 Be2
37.b7 e5 38.b8=Q+ Kg7 39.Ba4 Bf3 40.Qb4 Ne4 41.Kg1 Ng5 42.Bb3 Nxh3+ 43.Kf1 Ng5
44.a4 Be2+ 45.Kg2 e4 46.a5 Nf3  1-0

[Event "BL2-O9798"]
[Site "Germany"]
[Date "1998.??.??"]
[Round "5.5"]
[White "Sandner, Gunter"]
[Black "Arnold, Johannes"]
[Result "1/2-1/2"]
[WhiteElo "2315"]
[BlackElo "2325"]

1.Nf3 d5 2.g3 c6 3.Bg2 g6 4.O-O Bg7 5.d4 Nf6 6.c4 dxc4 7.Qc2 b5 8.Nbd2 Bb7
9.b3 cxb3 10.Nxb3 Nbd7 11.Bb2 Rc8 12.Rfd1 O-O 13.Ne5 Nd5 14.Nxd7 Qxd7 15.Nc5 Qc7
16.Bh3 Rcd8 17.Nxb7 Qxb7 18.Rac1 Rd6 19.Ba3 b4 20.Bb2 e6 21.Qb3 Rfd8 22.e3 Qb6
23.Rc4 a5 24.Rdc1 Ra8 25.Qc2 a4 26.e4 Ne7 27.e5 Rd7 28.Bg2 Rc7 29.Qd2 Rb8
30.a3 Nd5 31.Bxd5 exd5 32.Rxb4  1/2-1/2

[Event "BL2-O9798"]
[Site "Germany"]
[Date "1998.??.??"]
[Round "6.1"]
[White "Urban, Klaudiusz"]
[Black "Milov, Leonid"]
[Result "1/2-1/2"]
[WhiteElo "2490"]
[BlackElo "2490"]

1.g3 d5 2.Nf3 c6 3.Bg2 Bf5 4.d3 e6 5.O-O Nf6 6.c4 Nbd7 7.cxd5 cxd5 8.Qb3 Nc5
9.Qb5+ Nfd7 10.d4 a6 11.Qb4 Nd3 12.Qb3 Nb4 13.Na3 Qb6 14.Bd2 Nc6 15.Rfc1 Bd6
16.e3 h6 17.Nb1 Qxb3 18.axb3 Ke7 19.Nc3 Nb6 20.Ne1 Bg6 21.Bf1 Rhc8 22.Nd3 Nb4
23.Nxb4 Bxb4 24.Ne4 Bxd2 25.Nxd2 Rxc1 26.Rxc1 Rc8 27.Rxc8 Nxc8 28.Be2 Na7
29.Kf1 Nc6 30.Ke1 Kd6 31.Kd1 f6 32.Nf3 Nb4 33.Kd2 Kc6 34.Kc3 Na2+ 35.Kd2 Kb6
36.Ne1 Nb4 37.Kc3 Bf5 38.h4  1/2-1/2

[Event "BL2-O9798"]
[Site "Germany"]
[Date "1998.??.??"]
[Round "7.6"]
[White "Doeres, Hans Juergen"]
[Black "Schneider, Henning"]
[Result "1-0"]
[WhiteElo "2250"]
[BlackElo "2220"]

1.Nf3 d5 2.g3 Nf6 3.Bg2 g6 4.O-O Bg7 5.d3 O-O 6.Nbd2 b6 7.e4 dxe4 8.dxe4 Bb7
9.e5 Nfd7 10.e6 fxe6 11.Ng5 Bxg2 12.Nxe6 Qc8 13.Kxg2 Qb7+ 14.Kg1 Rf6 15.Nxg7 Kxg7
16.b3 Rf7 17.Bb2+ Kg8 18.Nc4 c5 19.f4 b5 20.Ne3 Nf6 21.Ng4 Nxg4 22.Qxg4 Rf5
23.Qe2 Nc6 24.Qe6+ Rf7 25.Rad1 Nd4 26.Bxd4 cxd4 27.Rxd4 Qb6 28.Qd5 Rc8 29.Rf2 Qc6
30.Rfd2 Qxd5 31.Rxd5 a6 32.Rd8+ Rf8 33.R8d7 Kg7 34.Re2 Rfe8 35.g4 Rc5 36.Rb7 Rc6
37.Kf2 h6 38.Ra7 Kf6 39.Kf3 e6 40.h4 g5 41.fxg5+ hxg5 42.h5 Rd8 43.Ke4 e5
44.Rf2+ Ke6 45.c3 Rd1 46.Raf7 Re1+ 47.Kd3 Rd6+ 48.Kc2 Rd8 49.R7f6+ Ke7 50.Rf7+ Ke6
51.R7f6+ Ke7 52.R6f5 e4 53.Rd2 Rg8 54.Rdd5 Re2+ 55.Rd2 Re1 56.Rd4 Ke6 57.Kd2 Ra1
58.Rxe4+ Kd7 59.a4 Ra2+ 60.Kd3 bxa4 61.Rxa4 Rg2 62.Rd4+ Kc7 63.Kc4 Kb7 64.Kb4 Rg3
65.Re4 Rg7 66.Rf6 Rc7 67.c4 Ka7 68.Ree6 a5+ 69.Kxa5 Rxg4 70.Ra6+ Kb7 71.Rfb6+ Kc8
72.Rc6 Rh4 73.Rxc7+ Kxc7 74.h6 g4 75.Rg6 g3 76.Kb5 g2 77.Rxg2 Rxh6 78.c5 Rh7
79.b4 Kb7 80.Rd2 Kc7 81.Ra2 Kb8 82.c6 Rh4 83.Rg2 Rf4 84.Rg7 Kc8 85.Kc5 Rh4
86.b5 Rh5+ 87.Kb6 Rh8 88.Ra7 Kb8 89.c7+  1-0

[Event "BL2-O9798"]
[Site "Germany"]
[Date "1998.??.??"]
[Round "8.7"]
[White "Kapischka, Jens"]
[Black "Wichmann, Cliff"]
[Result "1/2-1/2"]
[WhiteElo "2315"]
[BlackElo "2230"]

1.Nf3 d5 2.g3 Nf6 3.Bg2 c6 4.O-O g6 5.d3 Bg7 6.Nbd2 O-O 7.e4 Na6 8.e5 Ng4
9.Qe2 f6 10.d4 Bf5 11.h3 Nh6 12.c3 g5 13.g4 Bd7 14.Re1 Nc7 15.Nf1 Nf7 16.Ng3 Nh8
17.Nh5 Ng6 18.Qd3 Bh6 19.Bd2 Ne6 20.Re2 f5  1/2-1/2

[Event "BL2-N9798"]
[Site "Germany"]
[Date "1998.??.??"]
[Round "9.6"]
[White "Gieritz, Dietmar"]
[Black "Hebbinghaus, Holger"]
[Result "1/2-1/2"]
[WhiteElo "2165"]
[BlackElo "2235"]

1.Nf3 d5 2.g3 Nf6 3.Bg2 c6 4.d4 Bg4 5.Ne5 Bh5 6.O-O Nbd7 7.Nd3 e6 8.Nf4 Bg6
9.Nxg6 hxg6 10.c4 Bd6 11.Qb3  1/2-1/2

[Event "BL2-N9798"]
[Site "Germany"]
[Date "1998.??.??"]
[Round "9.1"]
[White "Lagunow, Alexander"]
[Black "Rabiega, Robert"]
[Result "0-1"]
[WhiteElo "2450"]
[BlackElo "2490"]

1.Nf3 d5 2.g3 Nc6 3.Bg2 e5 4.O-O e4 5.Ne1 Nf6 6.d3 Bf5 7.Nc3 h6 8.Bf4 Bd6
9.Nxd5 Nxd5 10.Bxd6 cxd6 11.dxe4 Ne3 12.fxe3 Bg6 13.Nf3 Bxe4 14.Nd4 Bxg2
15.Kxg2 O-O 16.Nf5 d5 17.Qd2 Qf6 18.Qxd5 Rad8 19.Qb3 Rd2 20.Rf2 Ne5 21.Qxb7 Re8
22.h3 Qd8 23.Nd4 a5 24.Raf1 Re7 25.Qb5 Qc7 26.b3 Ng6 27.a4 Rxe3 28.Nf5 Re5
29.Qa6 Re6 30.Qa8+ Kh7 31.e3 Rxc2 32.Qd5 Re5 33.Qd3 Rc3  0-1

[Event "NRW-Liga 9798"]
[Site "Germany"]
[Date "1998.??.??"]
[Round "9.1"]
[White "Roeder, Mathias"]
[Black "Piskov, Yury"]
[Result "1/2-1/2"]
[WhiteElo "2435"]
[BlackElo "2460"]

1.Nf3 d5 2.g3 Nf6 3.Bg2 e6 4.O-O Be7 5.b3 O-O 6.c4 a5 7.Ba3 Bxa3 8.Nxa3 Qe7
9.Qc1 c6 10.Qb2 b6 11.Nc2 Bb7 12.Ne5  1/2-1/2

[Event "Gyongyos Matra Kupa"]
[Site "Gyongyos"]
[Date "1998.??.??"]
[Round "5"]
[White "Horvath, Sandor"]
[Black "Paal, Attila"]
[Result "0-1"]
[WhiteElo "2065"]
[BlackElo "2125"]

1.Nf3 d5 2.g3 Nf6 3.Bg2 Nbd7 4.d4 e6 5.O-O Be7 6.c4 O-O 7.b3 b6 8.Nbd2 Bb7
9.Bb2 Rc8 10.Rc1 c5 11.e3 Rc7 12.Ne5 Qa8 13.f4 dxc4 14.Bxb7 Qxb7 15.bxc4 cxd4
16.exd4 Ne4 17.Nxe4 Qxe4 18.Re1 Qb7 19.Qf3 Qxf3 20.Nxf3 Rfc8 21.Nd2 Bb4 22.Bc3 Ba3
23.Rb1 Nb8 24.Rb3 Bf8 25.Re3 Rd7 26.Kf2 Nc6 27.Rd3 Rcd8 28.d5 exd5 29.cxd5 Rxd5
30.Rxd5 Rxd5 31.Ke2 Bc5 32.Nf3 Rd8 33.Rb2 Re8+ 34.Kd2 f6 35.Rc2 Kf7 36.Kc1 Re3
37.Nd2 Re1+ 38.Kb2 Nd4 39.Bxd4 Bxd4+ 40.Kb3 Re2 41.Nf1 Rxc2 42.Kxc2 Ke6 43.Kd3 Bc5
44.g4 Kd5 45.h3 b5 46.Ng3 g6 47.f5 g5 48.Ne4 Bd4 49.Nd2 a5 50.Kc2 a4 51.a3 Bc5
52.Kb2 Kd4  0-1

[Event "Perenyi mem 2nd"]
[Site "Gyula"]
[Date "1998.??.??"]
[Round "5"]
[White "Groszpeter, Attila"]
[Black "Acs, Peter"]
[Result "1/2-1/2"]
[WhiteElo "2505"]
[BlackElo "2450"]

1.Nf3 d5 2.g3 Nf6 3.Bg2 c6 4.O-O Bg4 5.d4 Nbd7 6.Nbd2 e6 7.Re1 Be7 8.e4 dxe4
9.Nxe4 O-O 10.c3 Qb6 11.Qb3 Nxe4 12.Rxe4 Bf5 13.Re1 Bf6 14.Bf4 Rfe8 15.Bd6 Be7
16.Bxe7 Rxe7 17.Nd2 Qc7 18.Qa3 Ree8 19.Nc4 Bg6 20.Qd6  1/2-1/2

[Event "NZD-ch105"]
[Site "Hamilton"]
[Date "1998.??.??"]
[Round "10.2"]
[White "Smith, Robert W"]
[Black "Lukey, Stephen G"]
[Result "1-0"]
[WhiteElo "2305"]
[BlackElo "2235"]

1.Nf3 d5 2.g3 c5 3.Bg2 Nc6 4.O-O Nf6 5.d3 Bg4 6.h3 Bh5 7.Nbd2 e6 8.Re1 Be7
9.e4 O-O 10.g4 Bg6 11.Nh4 Ne8 12.Nxg6 fxg6 13.Nf3 Nc7 14.g5 Qe8 15.c3 Qf7
16.e5 b5 17.Qe2 c4 18.d4 b4 19.h4 a5 20.Nd2 bxc3 21.bxc3 Nb5 22.Bb2 a4 23.Nxc4 a3
24.Bc1 Nxc3 25.Qe3 Nb4 26.Rf1 Nb5 27.Nb6 Ra6 28.Nd7 Rd8 29.Nc5 Bxc5 30.dxc5 Qd7
31.Qb3 Nd4 32.Qxb4 Nc2 33.Qc3 Nxa1 34.Qxa1 Qa4 35.f4 Qc4 36.Be3 Qe2 37.Re1 Qc2
38.Qb1 Qb2 39.Qd3 Ra4 40.Re2 Qa1+ 41.Kh2 Rb8 42.c6 Rc4 43.Bxd5 exd5 44.Qxd5+ Kh8
45.Qxc4 h5 46.gxh6 Rb1 47.c7 Rh1+ 48.Kg3 Rg1+ 49.Bxg1 Qxg1+ 50.Kf3 Qf1+ 51.Ke3  1-0

[Event "Helsinki op1"]
[Site "Helsinki"]
[Date "1998.??.??"]
[Round "4"]
[White "Parkkinen, Jyrki"]
[Black "Budylina, Sofia"]
[Result "1/2-1/2"]
[WhiteElo "2155"]
[BlackElo "2150"]

1.Nf3 d5 2.g3 Nf6 3.c4 dxc4 4.Qa4+ Nc6 5.Bg2 Bd7 6.Qxc4 g6 7.d4 Bg7 8.Nc3 O-O
9.e4 b5 10.Qd3 b4 11.Nb1 Rb8 12.Bf4 Na5 13.Nbd2 Rb6 14.b3 Bb5 15.Nc4 c5 16.Rd1 Bxc4
17.bxc4 b3 18.axb3 Rxb3 19.Qe2 Qb6 20.Nd2 Rc3 21.dxc5 Qxc5 22.Be3 Qc7 23.Bd4 Rc2
24.Qd3 Ra2 25.Qb1 Ra4 26.Qc2 Qd7 27.Ra1 Rxa1+ 28.Bxa1 Rd8 29.Bc3 Nc6 30.O-O Nd4
31.Bxd4 Qxd4 32.Nb3 Qd3 33.Qxd3 Rxd3 34.Na5 Ng4 35.Nc6 Rd7 36.Bh3 Rc7 37.Bxg4  1/2-1/2

[Event "HUN-chT29899"]
[Site "HUN"]
[Date "1998.??.??"]
[Round "?"]
[White "Filep, Tibor"]
[Black "Tompa, Janos"]
[Result "1/2-1/2"]
[WhiteElo "2245"]
[BlackElo "2395"]

1.Nf3 d5 2.g3 c6 3.Bg2 Bg4 4.d3 Nd7 5.Nbd2 e6 6.b3 Be7 7.Bb2 Bf6 8.Qc1 Qc7
9.e4 Bxb2 10.Qxb2 Ngf6 11.O-O O-O 12.e5 Ne8 13.Rfe1 a5 14.a3 Bxf3 15.Nxf3 Qb6
16.b4 Nc7 17.d4 c5 18.dxc5 Nxc5 19.Qd4 Na4 20.Qxb6 Nxb6 21.Bf1 Rfc8 22.Nd4 axb4
23.axb4 Na6 24.Bxa6 bxa6 25.b5 axb5 26.Rxa8 Rxa8 27.Nxb5 Ra2 28.Nd4 g5 29.f4 Ra4
30.c3 gxf4 31.gxf4 Rc4 32.f5 exf5 33.e6 fxe6 34.Rxe6 Na4 35.Nxf5 Rxc3 36.Rd6 Rc1+
37.Kg2 Nc3 38.Rd7 h5 39.Kh3 Rd1 40.Kh4 Ne4 41.Rxd5  1/2-1/2

[Event "HUN-chT29899"]
[Site "HUN"]
[Date "1998.??.??"]
[Round "?"]
[White "Gyorkos, Lajos"]
[Black "Szelenyi, Norbert"]
[Result "1/2-1/2"]
[WhiteElo "2435"]
[BlackElo "2340"]

1.Nf3 d5 2.g3 c6 3.Bg2 Nf6 4.O-O g6 5.b3 Bg7 6.Bb2 O-O 7.c4 a5 8.d3 a4 9.Nbd2 Qb6
10.Rb1 axb3 11.axb3 Bg4 12.Bd4 Qd8 13.Qc2 Nbd7 14.b4 Re8 15.e4 e5 16.Bb2 dxe4
17.dxe4 Qc7 18.c5 Red8 19.h3 Bxf3 20.Nxf3 Ne8 21.h4 Nf8 22.Qc4 Qe7 23.Bc1 Qe6
24.Qc2 Nc7 25.Re1 Ra2 26.Bb2 Nb5 27.Rbd1 Nd4  1/2-1/2

[Event "HUN-chT29899"]
[Site "HUN"]
[Date "1998.??.??"]
[Round "?"]
[White "Geroly, Jozsef"]
[Black "Peredy, Ferenc"]
[Result "0-1"]
[WhiteElo "2190"]
[BlackElo "2470"]

1.Nf3 d5 2.g3 c6 3.Bg2 Bg4 4.Ne5 Bf5 5.d4 Nf6 6.O-O e6 7.b3 Bd6 8.c4 O-O
9.Bb2 Nbd7 10.Nd2 Qe7 11.f3 Nxe5 12.dxe5 Bc5+ 13.Kh1 Nd7 14.Qe1 Rad8 15.e4 dxe4
16.Nxe4 Bb4 17.Qe3 Bxe4 18.Qxe4 Nc5 19.Qh4 Qxh4 20.gxh4 Nd3 21.Rab1 Bd2 22.Ba3 Rfe8
23.Bd6 Bf4 24.b4 Bxe5 25.Bxe5 Nxe5 26.c5 Nc4 27.Rf2 Rd4 28.b5 Na3 29.Rbb2 Nxb5
30.Bf1 a6 31.f4 Red8 32.Kg2 R8d5 33.Rfc2 Rxf4 34.Kg3 Rxf1 35.a4 Nd4 36.Rxb7 g6
37.Rcb2 Rxc5 38.Ra7 Nf5+ 39.Kg2 Ne3+ 40.Kg3 Rcf5  0-1

[Event "HUN-chT2 9798"]
[Site "HUN"]
[Date "1998.??.??"]
[Round "?"]
[White "Filep, Tibor"]
[Black "Foldi, Istvan"]
[Result "1/2-1/2"]
[WhiteElo "2240"]
[BlackElo "2365"]

1.Nf3 d5 2.g3 Bg4 3.Bg2 Nd7 4.O-O Ngf6 5.d4 e6 6.b3 Be7 7.c4 O-O 8.Bb2 c6
9.Nbd2 a5 10.a3 h6 11.Rc1 Bf5 12.Ne5 Bd6 13.f3 Bh7 14.e4 dxe4 15.Nxd7 Nxd7
16.Nxe4 Be7 17.d5 cxd5 18.cxd5 Bxe4 19.fxe4 Bf6 20.Bxf6 Nxf6 21.Qd4 Re8 22.d6 e5
23.Qc5 Ra6 24.Rcd1 Rc6 25.Qb5 Qb6+ 26.Qxb6 Rxb6 27.Rd3 Rd8 28.Rfd1 Kf8 29.Kf1 Ne8
30.d7 Nf6  1/2-1/2

[Event "HUN-chT2 9798"]
[Site "HUN"]
[Date "1998.??.??"]
[Round "?"]
[White "Filep, Tibor"]
[Black "Ondok, Laszlo"]
[Result "1-0"]
[WhiteElo "2240"]
[BlackElo "2175"]

1.Nf3 d5 2.g3 Nf6 3.Bg2 c6 4.b3 Bg4 5.Bb2 e6 6.d3 Nbd7 7.Nbd2 Bd6 8.O-O O-O
9.e4 dxe4 10.dxe4 Be5 11.c3 Qe7 12.Qc2 Rfd8 13.h3 Bxf3 14.Nxf3 Bd6 15.Rad1 a5
16.Rfe1 Bc5 17.e5 Ne8 18.Bc1 h6 19.h4 Nb6 20.Nd2 Nd5 21.Ne4 Bb6 22.a3 Qc7
23.c4 Ne7 24.Bb2 Rxd1 25.Rxd1 Rd8 26.Kh2 Ba7 27.b4 Nf5 28.c5 Ne7 29.Nd6 Nd5
30.Bxd5 cxd5 31.Bd4 Nxd6 32.exd6 Qc6 33.Qe2 axb4 34.axb4 Qd7 35.Qg4 f5 36.Qe2 Bb8
37.Re1 Re8 38.Qe5 Ba7 39.b5 Bb8 40.c6 bxc6 41.bxc6 Qf7 42.c7  1-0

[Event "HUN-chT2 9798"]
[Site "HUN"]
[Date "1998.??.??"]
[Round "?"]
[White "Nagy, Beata T"]
[Black "Kis, Bela"]
[Result "1/2-1/2"]
[WhiteElo "2110"]
[BlackElo "2150"]

1.Nf3 d5 2.g3 Nf6 3.Bg2 Bf5 4.O-O e6 5.d3 h6 6.Nbd2 Be7 7.c4 c6 8.Re1 O-O
9.a3 Nbd7 10.b4 Bh7 11.Bb2 Qb8 12.Qb3 b5 13.cxd5 cxd5 14.Rac1 Bd6 15.Nd4 Rc8
16.Rxc8+ Qxc8 17.Nxb5 Be5 18.Bxe5 Nxe5 19.Nd4 Qc7 20.N2f3 Ned7 21.Qb2 Rc8
22.Nb3 Qc2 23.Qxc2 Rxc2 24.Nfd2 Ra2 25.Ra1 Rxa1+ 26.Nxa1 Kf8 27.Kf1 Ke7 28.Nab3 Kd6
29.Nb1 Kc6 30.Nc3 Ne8 31.Ke1 Nd6 32.a4 a6 33.Kd2 Ne5 34.h3 Kc7 35.Na2 Nb7
36.Kc3 Kb6 37.Nd4 Nd6 38.Nc1 Nd7 39.Ndb3 f6 40.Nd4 Bg8 41.Ndb3  1/2-1/2

[Event "HUN-chT2 9798"]
[Site "HUN"]
[Date "1998.??.??"]
[Round "?"]
[White "Petro, Jozsef"]
[Black "Berenyi, Tamas"]
[Result "1/2-1/2"]
[WhiteElo "2190"]
[BlackElo "2080"]

1.Nf3 d5 2.g3 Nf6 3.Bg2 g6 4.O-O Bg7 5.c3 O-O 6.d3 Nbd7 7.Re1 Nc5 8.Nbd2 Qd6
9.Qc2 Qa6 10.a4 b5 11.a5 Bb7 12.b4 Ncd7 13.e4 e5 14.Bb2 Rae8  1/2-1/2